000 nam a22 a 4500
999 _c401736
_d401736
003 BLK
005 20210323074421.0
008 210323b bu |||||r|||| 00| | bu d
040 _aBLK
041 _aRUS
_cRUS
080 _aСоциалистически школи преди Маркс. Утопически социализъм. Вж и 141.8
_b330.84
_z330.84
100 _91299
_aМетен, Альбер
_eпърви автор
139 _aМетен, Альбер
245 _aСоциализм в Англии
_cАльбер Метен ; Пер. с фр.
260 _9435393
_aСанкт-Петербург : , 1898
_bЛ.Ф. Пантелеев
_c1898
300 _a4, II, 370 с.
_c19,5 см
380 _a3
490 _9435080
_aКолекция Редки и ценни издания
650 7 _9171390
_aСоциализъм
651 7 _9178532
_aАнглия
852 _aРр 898
_bРц
942 _cKNG
_n0
_s1
944 _aCR
_c2021-03-23
_kВЙ